1521 1644 1350 1031 1941 1097 1525 1149 1277 1594 1748 1101 1536 1921 1276 1816 1015 1255 1735 1417 1058 1628 1067 1870 1809 1733 1319 1932 1900 1605 1325 1973 1881 1706 1515 1289 1638 1157 1694 1049 1492 1060 1615 1665 1844 1690 1691 1510 1890 1187 1340 1980 1394 1683 1164 1591 1514 1467 1644 1644 1402 1657 1997 1665 1383 1292 1329 1701 1409 1811 1116 1230 1053 1760 1829 1184 1739 1323 1008 1622 1840 1114 1185 1892 1198 1167 1104 1945 1094 1855 1108 1152 1880 1582 1464 1279 1117 1472 1207 BCNSPRNW ULIB Ver.6.0+V

เปลี่ยนเป็นภาษาไทย

Change to English
 แสดงรายละเอียดบรรณานุกรม
  กลับหน้าหลัก

Brief Record : Get Marc (ISO 2709) : E-mail record : QR code < ปิดหน้าต่าง
LEADER : 00000nam 2200000uu 4500
001    13399121465
003     ULIB
008    121120s2546||||th 000 0 tha d
020    ^a9789749167779
090    ^aรส^bช357พ 2546
100 0  ^aชัชรินทร์ ไชยวัฒน์
245 10 ^aพญาโหงบนโลงแก้วและงานคัดสรร /^cชัชรินทร์ ไชยวัฒน์
250    ^aพิมพ์ครั้งที่ 1
260    ^aกรุงเทพฯ :^bมูลนิธิสถาบันวิชาการ 14 ตุลา,^c2546
300    ^a160 หน้า ;^c21 ซม.
490 0  ^aหนังสือชุด''ตุลาวรรณกรรม''
500    ^aฉลองครบรอบ 30 ปี 14 ตุลา : 2516-2546 ร่วมวาระประวัติศาสตร์''''วัน 14 ตุลา ประชาธิปไตย''''
650  4 ^aเรื่องสั้น^xรวมเรื่อง
650  4 ^aเรื่องสั้นไทย
650  4 ^aกวีนิพนธ์^xรวมเรื่อง
650  4 ^aกวีนิพนธ์ไทย^xรวมเรื่อง
710 2  ^aมูลนิธิสถาบันวิชาการ 14 ตุลา
945    ^p0^l0^i14358
995    ^aกัณชพร
999    ^aกัณชพร
รายการนี้ยังไม่มีแท็ก
คุณยังไม่ได้ล็อกอิน คุณสามารถมีกิจกรรมร่วมกับเว็บไซต์ได้ แต่ต้องล็อกอินก่อน ::
  ล็อกอิน

รายการสื่อสารสนเทศ

ลำดับที่ ประเภท เลขเรียก/บาร์โค้ด สถานที่ สถานะ
1. นวนิยาย
นวนิยาย
รส ช357พ 2546  
  Barcode: 14358
ห้องสมุดวิทยาเขตสวรรค์ประชารักษ์
►นวนิยาย
บนชั้น
  ขอยืม

รายการใกล้เคียง
    หัวเรื่อง [เรื่องสั้น รวมเรื่อง]
    หัวเรื่อง [เรื่องสั้นไทย]

BibComment


ยังไม่เคยถูกคอมเมนท์

คอมเมนท์ทรัพยากรรายการนี้
  คอมเมนท์: พญาโหงบนโลงแก้วแ..


 Copyright 2026. Bcnsprnw @Library